Blackwater / (Record no. 167)

MARC details
000 -LEADER
fixed length control field 00904nam a22002778x 4500
001 - CONTROL NUMBER
control field 2510188
008 - FIXED-LENGTH DATA ELEMENTS--GENERAL INFORMATION
fixed length control field 961001r19961995enk 00000 eng b
015 ## - NATIONAL BIBLIOGRAPHY NUMBER
National bibliography number b96Z3296
020 ## - INTERNATIONAL STANDARD BOOK NUMBER
International Standard Book Number 0099521210
040 00 - CATALOGING SOURCE
Original cataloging agency BDS
041 10 - LANGUAGE CODE
Language code of text/sound track or separate title engswe
082 00 - DEWEY DECIMAL CLASSIFICATION NUMBER
Classification number 839.7374
Edition information 20
100 10 - MAIN ENTRY--PERSONAL NAME
Personal name Ekman, Kerstin.
9 (RLIN) 284
240 10 - UNIFORM TITLE
Uniform title Händelser vid vatten.
Language of a work English
245 10 - TITLE STATEMENT
Title Blackwater /
Statement of responsibility, etc. Kerstin Ekman ; translated from the Swedish by Joan Tate.
260 ## - PUBLICATION, DISTRIBUTION, ETC.
Place of publication, distribution, etc. London :
Name of publisher, distributor, etc. Vintage,
Date of publication, distribution, etc. 1996.
300 ## - PHYSICAL DESCRIPTION
Extent 432 p. ;
Dimensions 20 cm.
350 00 - PRICE (NR) (BK AM CF MU VM SE) [OBSOLETE]
Price £5.99 : CIP entry (May.)
500 ## - GENERAL NOTE
General note This translation originally published: London : Chatto & Windus, 1995.
546 00 - LANGUAGE NOTE
Language note Translated from the Swedish.
650 #0 - SUBJECT ADDED ENTRY--TOPICAL TERM
Topical term or geographic name entry element Swedish fiction
Chronological subdivision 20th century
General subdivision Translations into English.
9 (RLIN) 837
650 #0 - SUBJECT ADDED ENTRY--TOPICAL TERM
Topical term or geographic name entry element English fiction
Chronological subdivision 20th century
General subdivision Translated from Swedish.
9 (RLIN) 838
942 ## - ADDED ENTRY ELEMENTS (KOHA)
Source of classification or shelving scheme Dewey Decimal Classification
Koha item type Books
956 ## - LOCAL ELECTRONIC LOCATION AND ACCESS (OCLC)
Host name NLS
Holdings
Withdrawn status Lost status Damaged status Not for loan Collection Home library Current library Shelving location Date acquired Barcode Date last seen Price effective from Koha item type
        Reference Fairview Fairview General stacks 09/04/2014 39999000007114 09/04/2014 09/04/2014 Books